000 00312nam a2200121Ia 4500
008 210430s9999 xx 000 0 und d
082 _a891.7 c5141 c
100 _aAnton Chekhov
245 4 _aThe Cherry Orchard
_cAnton Chekhov
260 _aIndia
_bCosmo Publication
_c2007
300 _a173p
942 _cBK
_2ddc
999 _c562697
_d562697